000 00824nam a22001457a 4500
008 110706t xxu||||| |||| 00| 0 eng d
010 _aC-DOC F-140
245 _aCharge : Mpawulo Patrick, M/a, 42 yrs Old, Office Attendant at Ministry of Justice and Constitutional Affairs Kampala
260 _c2000
999 _c4592
_d4592